| 000 | 09477cam a22019094i 4500 | ||
|---|---|---|---|
| 003 | PE-LiUPU | ||
| 005 | 20250813165728.0 | ||
| 008 | 150624s2010 mx a rb 001 0 spa d | ||
| 020 | _a9786074480030 | ||
| 035 | _a(Sirsi) i9786074480030 | ||
| 040 |
_aCO-BoBLA _bspa _cCO-BoBLA _dPE-LiUPU _erda |
||
| 041 | 1 |
_aspa _hpor |
|
| 049 | _aPRUA | ||
| 082 | 0 | 4 |
_a616.904 _bT26 _221 |
| 100 | 1 |
_aTavares, Walter, _eautor. |
|
| 245 | 1 | 0 |
_aDiagnóstico y tratamiento en infectología y parasitología / _cWalter Tavares, Luiz Alberto Carneiro Marinho ; traducido de la 2a edición en portugués por Pablo Faudrin Flores, Pedro Larios Aznar; editor responsable Martín Lazo de la Vega Sánchez. |
| 264 | 1 |
_aMéxico : _bEl Manual Moderno, _c[2010]. |
|
| 300 | _a1CD-Rom. | ||
| 300 |
_axli, 1373 páginas : _bilustraciones ; _c28 centímetros |
||
| 336 |
_atext _2rdacontent |
||
| 337 |
_aunmediated _2rdamedia |
||
| 338 |
_avolume _2rdacarrier |
||
| 504 | _aBibliografía al final de cada capítulo. | ||
| 504 | _aÍndice alfabético : páginas 1345-1373. | ||
| 505 | 0 | _aAborto sético -- Abscesos y empiemas cerebrales -- Accidentes humanos relacionados con venenos animales -- Actinomicosis y nocardiosis - Amebiasis -- Angiomatosis bacilar -- Angiostrongiliasis abdominal - Anquilostomiasis -- Antrax (cabunco) -- Artritis séptica - Ascaridiasis - Aspergilosis - Babesiosis - Balantidiasis - Bartolelosis - Botulismo - Bronquiolitis - Brucelosis - Buda - Candidiasis -- Chancro blando - Cisticercosis - Citomegalovirosis - Coccidioidomicosis - Cólera -- Conjuntivitis infecciosas -- Coriomeningitis linfocitaria - Criptococosis -- Criptosporidiosis -- Cromoblastomicosis - Dengue - Dermatofitosis - Dermatozoonosis -- Diarreas infecciosas - Difteria -- Encefalitis virales agudas -- Endocarditis infecciosa - Endoftalmitis -- Enfermedad de Chagas --Enfermedad inflamatoria pélvica -- Enfermedad por arañazo de gato -- Enfermedades priónicas (encefalopatías espongiformes transmisibles) -- Enterobacteriosis septicémica prolongada - Enterobiasis - Enterovirosis - Erisipeloide - Eritrasma - Esporotricosis -- Esquistosomiasis de Manson -- Esquistosomiasis haematobia y otras esquistosomiasis humanas no prevalentes en Brasil - Estafilococias - Estreptococias - Estrongiloidiasis -- Exantema súbito y otras infecciones causadas por le herpes virus humano tipo 6 -- Faringitis y laringitis -- Fascioliasis -- Fascitis necrosante -- Fiebre amarilla -- Fiebre purpúrica brasileña -- Fiebre recurrente -- Fiebres hemorrágicas virales agudas -- Fiebres por mordedura de rata Sodoku y fiebre de Haverhill -- Fiebres tifoidea y paratifoidea -- Filariasis -- Gangrena de --Fournier -- Gangrena gaseosa -- Giardiasis -- Granuloma inguinal -- Hantavirosis -- Helmintiasis importadas y helmintiasis raras en Brasil -- Hepatitis virales A, B, C, D, E, y No A-E -- Herpes simple -- Herpes-zóster -- Hidatidosis -- Hifomicosis -- Himenolepiasis -- Histoplasmosis -- Infección bucomaxilofacial -- Infección gonocócica -- Infección ntraabdominal -- Infección por amebas de vida libre -- Infección por anaerobios -- Infección por Blastocystis hominis . Infección por clamidias -- Infección por le virus del oeste del Nilo -- Infección por le virus Ébola . Infección por el virus sincitial respiratorio -- Infección por Helicobacter Pylori -- Infección por microbacterias atípicas -- Infección por papilomavirus (VPH) -- Infección por virus HTLV-I Y HTLV-II -- Infección urinaria -- Infecciones por microplasmas -- Isosporiasis -- Lagoquilascariasis -- Larva migrans cutánea -- Larva migrans visceral -- Legionelosis Neumonía por Legionella pneumophila-Enfermedad de los legionarios -- Leishmaniasis tegumentaria americana -- Leishmaniasis visceral (Kala-azar) -- Lepra -- Leptospirosis -- Linfogranuloma venéreo -- Listeriosis -- Lobomicosis -- Mal del pinto -- Melioidosis -- Meningococcemia -- Meningoencefalitis -- Micetomas -- Micosis de importación. Blastomicosis, histoplasmosis africana y peniciliosis marneffei -- Microsporidiosis -- Miocarditis y pericarditis -- Molusco contagiosos -- Mordeduras humanas y de animales -- Mucormicosis y entomoftoromicosis -- Muermo -- Neumocistosis -- Neumocistosis - Onicomicosis -- Orquiepididimitis -- Osteomielitis -- Otitis -- Paludismo -Paracoccidioidomicosis -- Paragonimiasis -- Parotiditis -- Parvovirosis humanas. Infección por enterovirus B19 -- Peste -- Piedra -- Piomiositis tropical -- Pitiriasis versicolor -- Prostatitis -- Queratitis infecciosas -- Rabia -- Rickettsiasis -- Rinosinusitis -- Rinosporidiosis -- Rubíola -- Sarampión -- Sepsis SIDA -- Sífilis -- Síndrome de mononucleosis -- Síndrome respiratorio agudo grave (SRAG) --Teniasis -- Tétanos -- Tos ferina -- Toxoplasmosis -- Tricuriasis -- Tripanosomiasis africana -- Tromboflebitis supurativas intracranealas -- Tuberculosis -- Tularemia -- Uretritis -- Varicela -- Verrugas -- Virosis respiratorias -- Viruela -- Vulvova -- Zoonosis bacterianas -- Anginas infecciosas. Diagnóstico diferencial -- Antibióticos. Criterios para el uso racional en la práctica clínica -- Antibióticos.Uso profiláctico -- Clasificación y nomenclatura de los herpes virus -- Embarazo e infección -- Enfermedad de Kawasaki -- Enfermedad de Kikuchi-Fujimoto --Enfermedad de Lyme y Síndrome infeccioso reactivo parecido a la enfermedad de Lyme --Fiebres prolongadas de origen desconocido -- Ictericias. Abordaje del síndrome y diagnóstico diferencial -- Infección en le paciente inmunocomprometido -- Infección hospitalaria -- Inmunizaciones por vacunas -- Síndrome febril -- Técnicas de recolección de estudios microbiológicos -- Tratamiento con corticoesteroides -- Vigilancia de la salud y notificación de enfermedades infecciosas y parasitarias. Su importancia para la salud de la población. | |
| 526 | _aP203 | ||
| 526 | _aP200 | ||
| 526 | _aSEG65 | ||
| 526 | _aSEG64 | ||
| 526 | _aSEG63 | ||
| 526 | _aSEG62 | ||
| 526 | _aSEG61 | ||
| 526 | _aSEG60 | ||
| 526 | _aSEG59 | ||
| 526 | _aSEG58 | ||
| 526 | _aSEG57 | ||
| 526 | _aSEG56 | ||
| 526 | _aSEG55 | ||
| 526 | _aSEG54 | ||
| 526 | _aSEG53 | ||
| 526 | _aSEG52 | ||
| 526 | _aSEG51 | ||
| 526 | _aSEG50 | ||
| 526 | _aSEG49 | ||
| 526 | _aSEG48 | ||
| 526 | _aSEG47 | ||
| 526 | _aSEG46 | ||
| 526 | _aSEG24 | ||
| 526 | _aSEG23 | ||
| 526 | _aSEG22 | ||
| 526 | _aSEG21 | ||
| 526 | _aSEG20 | ||
| 526 | _aSEG19 | ||
| 526 | _aSEG18 | ||
| 526 | _aSEG17 | ||
| 526 | _aSEG16 | ||
| 526 | _aSEG14 | ||
| 526 | _aSEG13 | ||
| 526 | _aSEG12 | ||
| 526 | _aSEG11 | ||
| 526 | _aSEG10 | ||
| 526 | _aSEG09 | ||
| 526 | _aSEG06 | ||
| 526 | _aSEG05 | ||
| 526 | _aSEG04 | ||
| 526 | _aSEG03 | ||
| 526 | _aSEG02 | ||
| 526 | _aSEG68 | ||
| 526 | _aSEG66 | ||
| 526 | _aSEG45 | ||
| 526 | _aSEG25 | ||
| 526 | _aSEG01 | ||
| 526 | _aP163 | ||
| 526 | _aP162 | ||
| 526 | _aP161 | ||
| 526 | _aP160 | ||
| 526 | _aP159 | ||
| 526 | _aP158 | ||
| 526 | _aP157 | ||
| 526 | _aP156 | ||
| 526 | _aP155 | ||
| 526 | _aP154 | ||
| 526 | _aP153 | ||
| 526 | _aP152 | ||
| 526 | _aP151 | ||
| 526 | _aP150 | ||
| 526 | _aP149 | ||
| 526 | _aP142 | ||
| 526 | _aP141 | ||
| 526 | _aP140 | ||
| 526 | _aP139 | ||
| 526 | _aP138 | ||
| 526 | _aP137 | ||
| 526 | _aP132 | ||
| 526 | _aP131 | ||
| 526 | _aP130 | ||
| 526 | _aP126 | ||
| 526 | _aP125 | ||
| 526 | _aP124 | ||
| 526 | _aP123 | ||
| 526 | _aP115 | ||
| 526 | _aP122 | ||
| 526 | _aP121 | ||
| 526 | _aP116 | ||
| 526 | _a P114 | ||
| 526 | _aP112 | ||
| 526 | _aP111 | ||
| 526 | _aP104 | ||
| 526 | _aP103 | ||
| 526 | _aP102 | ||
| 526 | _aP101 | ||
| 526 | _aP100 | ||
| 526 | _aP96 | ||
| 526 | _aP95 | ||
| 526 | _aP93 | ||
| 526 | _aP92 | ||
| 526 | _aP91 | ||
| 526 | _aP88 | ||
| 526 | _aP83 | ||
| 526 | _aP82 | ||
| 526 | _aP79 | ||
| 526 | _aP78 | ||
| 526 | _aP75 | ||
| 526 | _aP74 | ||
| 526 | _aP71 | ||
| 526 | _aP69 | ||
| 526 | _a P51 | ||
| 526 | _aP49 | ||
| 526 | _aP48 | ||
| 526 | _aP47 | ||
| 526 | _aP33 | ||
| 526 | _aP31 | ||
| 526 | _a P30 | ||
| 526 | _aP29 | ||
| 526 | _aP27 | ||
| 526 | _aP26 | ||
| 526 | _aP25 | ||
| 526 | _aP24 | ||
| 526 | _a P22 | ||
| 526 | _aP10 | ||
| 526 | _aP09 | ||
| 526 | _a P08 | ||
| 526 | _aP06 | ||
| 526 | _aP05 | ||
| 526 | _aP04 | ||
| 526 | _aP01 | ||
| 534 |
_pTítulo original : _tRotinas de diagnóstico e tratamento das doencas infecciones e parasitárias. |
||
| 541 | _g001-0022659; | ||
| 650 | 4 |
_aEnfermedades transmisibles _xDiagnóstico. |
|
| 650 | 4 |
_aEnfermedades transmisibles _xTratamiento. |
|
| 650 | 4 |
_aParasitología médica. _96547 |
|
| 700 | 1 |
_aCarneiro Marinho, Luiz Alberto, _eautor |
|
| 700 | 1 |
_aFaudrin Flores, Pablo, _etraductor. |
|
| 700 | 1 |
_aLarios Aznar, Pedro, _etraductor. |
|
| 700 | 1 |
_aLazo de la Vega Sánchez, Martín, _eeditor. |
|
| 910 |
_aaas _bjck _caas _d20150624 |
||
| 942 |
_2ddc _cBOOK |
||
| 949 |
_a616.904 T26 _wDEWEY _c1 _i71243 _d2016-10-14 _e2016-10-13 _lCCODEBUL1 _mBUL _n1 _p204.93 _r0 _sY _tBOOK _u2015-6-24 _xSALUD _PP30 _0COMPRA _o.STAFF. Colección General |
||
| 994 |
_aC0 _bPEPRU |
||
| 596 | _a1 | ||
| 999 |
_a616.904 T26 _wDEWEY _c48952 _i71243 _d48952 _e2019-3-13 _f2021-11-4 _g5 _lCCODEBUL1 _mBUL _n14 _p204.93 _q6 _r0 _sY _tBOOK _u2015-6-24 _xSALUD _PP30 _0COMPRA _o.STAFF. Colección Ciencias de la Salud |
||
| 980 |
_81 _gALBERTO SANCHEZ Responsable de Automatización |
||